000 00303nam a2200133Ia 4500
008 240624s9999 xx 000 0 und d
041 _aeng
082 _a828 MOO
100 _aCOLLINS SUZANNE
245 _aMOCKINGJAY
260 _c2010
_aNew Delhi
_bScholastic
300 _a295 : p.
365 _cRS
_b25
999 _c21596
_d21596